000 01842nam a22004331a 4500
001 11366264
005 20131118113829.0
007 he amb---baca
007 he bmb---baaa
008 900710c19769999ii ar b 0 0eng
010 _asf
012 _a-3-7-0308084216-p-9006
022 _a0145-8736
035 _a(OCoLC)ocm21987353
040 _aDLC
_cDLC
_dOCoLC
042 _alcd
222 0 _aAccessions list. Eastern Africa. Annual publishers' directory, monographs and serials
245 0 0 _aAccessions list, Eastern Africa.
_h[Microform]
260 _aNairobi
_bLibrary of Congress Offi
_c[1976-
300 _av. ; 28 cm.
310 _aAnnual
362 0 _a1976-
500 _aAt head of title, 1976-1978: The Library of Congress National Program for Acquisitions and Cataloging. Description based on: 1984; title from cover.
515 _aIssues for 1979- called also: Vol. 12-
533 _aMicrofiche.
_bNew Delhi, India :
_cLibrary of Congress Office.
_emicrofiches.
580 _aSupplement to: Accessions list, Eastern Africa, ISSN 0090-371X.
590 _aSERBIB/SERLOC merged record
650 0 _aPublishers and publishing - Africa, East
_vDirectories.
710 2 _aLibrary of Congress. Library of Congress
710 2 _aLibrary of Congress. Library of Congress
772 1 _tAccessions list, Eastern Africa
_x0090-371X
_w(DLC)sf 90090069
_w(OCoLC)21987315
776 1 _tAccessions list, Eastern Africa. Annual publishers' directory, monographs and serials
_x0145-8736
_w(OCoLC)2800619
890 _aUnited States. Accessions list, Eastern Africa. Annual publishers' directory. [microfiche]
_isf90-90065
906 _a7
_bcbc
_cserials
_du
_encip
_f19
_gn-oclcserc
920 _aKeep 1
991 _bc-MicRR
_hMicrofiche (o) 84/5
_wSERIALS
992 _bMicRR
_wSERLOC
999 _c55831
_d55805